Loading...
| Fine Arts - Classical Music | 4 | 10.00 | 100% | 0% | 0% |
| Fine Arts - Other Fine Arts | 4 | 10.00 | 75% | 25% | 0% |
| Fine Arts - Visual Fine Arts | 5 | 12.00 | 80% | 40% | 0% |
| History - American History | 4 | 17.50 | 100% | 75% | 0% |
| History - European History | 4 | 10.00 | 100% | 0% | 0% |
| History - Other History | 1 | 10.00 | 100% | 0% | 0% |
| History - World History | 6 | 16.67 | 100% | 67% | 0% |
| Literature - American Literature | 4 | 12.50 | 100% | 25% | 0% |
| Literature - British Literature | 2 | 10.00 | 100% | 0% | 0% |
| Literature - European Literature | 7 | 10.00 | 71% | 29% | 0% |
| Literature - World/Other Literature | 2 | 10.00 | 100% | 0% | 0% |
| Mythology | 2 | 10.00 | 100% | 0% | 0% |
| Philosophy | 6 | 11.67 | 100% | 17% | 0% |
| Pop Culture | 1 | 30.00 | 100% | 100% | 100% |
| Religion | 3 | 13.33 | 100% | 33% | 0% |
| Science - Biology | 5 | 12.00 | 80% | 40% | 0% |
| Science - Chemistry | 6 | 5.00 | 50% | 0% | 0% |
| Science - Other Science | 1 | 10.00 | 0% | 100% | 0% |
| Science - Physics | 4 | 17.50 | 100% | 50% | 25% |
| Social Science | 3 | 10.00 | 100% | 0% | 0% |